000 00532nam a2200181Ia 4500
008 100920s9999 xx 000 0 und d
082 _b96354
_a891.463.1 न 06
100 _aगोगटे मंदाकिनी.
245 _aभैरवी.
260 _bपायल पब्लिकेशन, पुणे.
_c2006
300 _a163
_bसाधी
365 _b170
520 _aलघुकथा.
630 _aभैरवी.
650 _aलघुकथा.
730 _aभैरवी.
942 _cBOOK
999 _c736794
_d736791